<?xml version="1.0" encoding="UTF-8"?>
<marc:record xmlns:marc="http://www.loc.gov/MARC21/slim">
   <marc:leader>00000nam a2200000 a 4500</marc:leader>
   <marc:datafield ind1="1" ind2=" " tag="100">
      <marc:subfield code="a">Strauss, Richard</marc:subfield>
      <marc:subfield code="4">cmp</marc:subfield>
      <marc:subfield code="e">Komponist/-in</marc:subfield>
   </marc:datafield>
   <marc:datafield ind1=" " ind2=" " tag="653">
      <marc:subfield code="a">CD-Hörbuch</marc:subfield>
   </marc:datafield>
   <marc:datafield ind1=" " ind2=" " tag="653">
      <marc:subfield code="a">ab 6 Jahren</marc:subfield>
   </marc:datafield>
   <marc:datafield ind1="0" ind2="0" tag="245">
      <marc:subfield code="a">Till Eulenspiegels lustige Streiche</marc:subfield>
   </marc:datafield>
   <marc:datafield ind1="0" ind2="0" tag="245">
      <marc:subfield code="b">Gelesen von Heidrun Warmuth</marc:subfield>
   </marc:datafield>
   <marc:datafield ind1="0" ind2="0" tag="245">
      <marc:subfield code="c">Richard Strauss</marc:subfield>
   </marc:datafield>
   <marc:datafield ind1=" " ind2="1" tag="264">
      <marc:subfield code="a">Stuttgart</marc:subfield>
      <marc:subfield code="b">SWR Young Classic</marc:subfield>
      <marc:subfield code="c">2013</marc:subfield>
   </marc:datafield>
   <marc:datafield ind1="1" ind2=" " tag="520">
      <marc:subfield code="a">Till Eulenspiegels lustige Streiche&lt;br/&gt;Die Marktfrauen ärgern sich, der Bäcker schäumt vor Wut, und die Gelehrten sind mehr als verwundert. Unsere Herzen aber schlagen für Till Eulenspiegel, den unsterblichen Spaßmacher. Seit mehr als 500 Jahren erzählt man sich die Geschichten und Streiche dieses Schelms aus Norddeutschland und inzwischen ist er auf der ganzen Welt bekannt. Der Komponist Richard Strauss hat Episoden seines Lebens für großes Orchester vertont und ein musikalisches Meisterwerk geschaffen. Auf dieser CD hören wir es, gespielt vom SWR Sinfonieorchester Baden-Baden und Freiburg unter Leitung seines Chefdirigenten François-Xavier Roth. Heidrun Warmuth, Autorin und Erzählerin, stellt uns den frechen Till als einen Lebenskünstler vor, der die Sprache der Kinder spricht. Ein liebevoll gestaltetes Booklet mit Infos und Rästeln zu Till Eulenspiegel ergänzt die CD. </marc:subfield>
   </marc:datafield>
   <marc:datafield ind1="2" ind2=" " tag="024">
      <marc:subfield code="a">9783862271344</marc:subfield>
   </marc:datafield>
   <marc:datafield ind1=" " ind2=" " tag="041">
      <marc:subfield code="a">ger</marc:subfield>
   </marc:datafield>
   <marc:datafield ind1="1" ind2=" " tag="521">
      <marc:subfield code="a">0</marc:subfield>
   </marc:datafield>
</marc:record>
